Normal view
MARC view
- Muhammad Atif Afzal, Sadia Anwar and Jeveria Mughal
Entry Personal Name
001 - CONTROL NUMBER
- control field: 92699
003 - CONTROL NUMBER IDENTIFIER
- control field: NUST
005 - DATE AND TIME OF LATEST TRANSACTION
- control field: 20220704153331.0
008 - FIXED-LENGTH DATA ELEMENTS
- fixed length control field: 220704|| aca||aabn | a|a d
040 ## - CATALOGING SOURCE
- Original cataloging agency: NUST
- Transcribing agency: NUST
100 ## - HEADING--PERSONAL NAME
- Personal name: Muhammad Atif Afzal, Sadia Anwar and Jeveria Mughal
670 ## - SOURCE DATA FOUND
- Source citation: Work cat.: (NUST)10586: Muhammad Atif Afzal, Sadia Anwar and Jeveria Mughal, Real time FPGA based object tracking [Project Report BEE-4], 2011.
